| 000 | 00427nam a2200157Ia 4500 | ||
|---|---|---|---|
| 005 | 20251020182612.0 | ||
| 008 | 200515s9999 xx 000 0 und d | ||
| 082 | _aSC/673.6/C76 | ||
| 110 | _aCopper Development Association Inc. | ||
| 245 | 0 | _aCobre versus polibutileno para sistemas de distribución de agua caliente y frÃa | |
| 260 | _as.c. | ||
| 260 | _c19?? | ||
| 650 | _aCOBRE | ||
| 650 | _aPOLIBUTILENO | ||
| 942 | _cLIB | ||
| 999 |
_c3364 _d3364 |
||